Lawyer and litigant in England (Record no. 373743)

000 -LEADER
fixed length control field 00381cam a22001337a 4500
008 - FIXED-LENGTH DATA ELEMENTS--GENERAL INFORMATION
fixed length control field 180718b1962 xxu||||| |||| 00| 0 eng d
082 ## - DEWEY DECIMAL CLASSIFICATION NUMBER
Classification number H9x42 M472
100 ## - MAIN ENTRY--PERSONAL NAME
Personal name Megarry, R.E.
245 ## - TITLE STATEMENT
Title Lawyer and litigant in England
Statement of responsibility, etc. by R.E. Megarry
260 ## - PUBLICATION, DISTRIBUTION, ETC.
Place of publication, distribution, etc. London
Name of publisher, distributor, etc. Stevens
Date of publication, distribution, etc. 1962
300 ## - PHYSICAL DESCRIPTION
Extent 205p.
650 ## - SUBJECT ADDED ENTRY--TOPICAL TERM
Topical term or geographic name entry element Courts --Great Britain
650 ## - SUBJECT ADDED ENTRY--TOPICAL TERM
Topical term or geographic name entry element Attorney and client --Great Britain
Holdings
Withdrawn status Lost status Damaged status Not for loan Permanent Location Current Location Date acquired Full call number Barcode Date last seen Price effective from Koha item type
        Indian Institute of Public Administration Indian Institute of Public Administration 1994-06-23 H9x42 M472 31885 2018-07-21 2018-07-21 Book

Powered by Koha